| 000 | 00809nam a22003137a 4500 | ||
|---|---|---|---|
| 003 | LC | ||
| 005 | 20160308151245.0 | ||
| 008 | 130909t xxu||||| |||| 00| 0 eng d | ||
| 020 | _a9780446310789 | ||
| 020 | _a0446310786 | ||
| 050 |
_aPS 3562 _b.L477 1960 |
||
| 082 |
_aFIC L51k _b1960 |
||
| 100 | _aLee, Harper | ||
| 245 |
_aTo kill a mockingbird _cHarper Lee |
||
| 260 |
_aPennsylvana : _bJ. B. Lippincott Company, _cc1960. |
||
| 300 |
_a281 p. : _bill. ; _c17 cm. |
||
| 650 |
_aFathers and daughters _vFiction. |
||
| 650 | _aTrials (Rape) | ||
| 650 | _aGirls | ||
| 650 | _aSouthern States | ||
| 655 | _aDomestic fiction. | ||
| 655 | _aBildungsromans. | ||
| 655 | _aLegal stories. | ||
| 942 |
_2lcc _cBK |
||
| 999 |
_c10698 _d10698 |
||